Europe Capitals Quiz (also non-Sovereigns) - Statistics

General Stats
  • This quiz has been taken 53 times
  • The average score is 42 of 53
Answer Stats
Country City % Correct
Greece Athens
94%
Germany Berlin
94%
United Kingdom London
94%
Norway Oslo
94%
France Paris
94%
Italy Rome
94%
Order of Malta Rome
94%
Bulgaria Sofia
94%
Hungary Budapest
91%
Ireland Dublin
91%
Finland Helsinki
91%
Portugal Lisbon
91%
Spain Madrid
91%
Russia Moscow
91%
Sweden Stockholm
91%
Vatican City Vatican City
91%
Austria Vienna
91%
Netherlands Amsterdam
89%
Belgium Brussels
89%
Poland Warsaw
89%
Serbia Belgrade
87%
Switzerland Bern
87%
Ukraine Kiev
87%
Luxembourg Luxembourg
87%
Czech Republic Prague
87%
San Marino San Marino
87%
Denmark Copenhagen
85%
Belarus Minsk
85%
Monaco Monaco
85%
Latvia Riga
85%
Bosnia and Herzegovina Sarajevo
85%
Estonia Tallinn
85%
Iceland Reykjavík
83%
Albania Tirana
83%
Malta Valletta
83%
Croatia Zagreb
83%
Slovakia Bratislava
81%
Romania Bucharest
81%
Kosovo Pristina
81%
Andorra Andorra la Vella
79%
North Macedonia Skopje
79%
Lithuania Vilnius
79%
Slovenia Ljubljana
77%
Liechtenstein Vaduz
77%
Montenegro Podgorica
74%
Moldova Chișinău
72%
Donetsk People's Republic Donetsk
57%
Luhansk People's Republic Luhansk
51%
Transnistria Tiraspol
38%
Northern Cyprus North Nicosia
34%
Abkhazia Sukhumi
30%
Artsakh Stepanakert
26%
South Ossetia Tskhinvali
26%
No matching quizzes found
Score Distribution
Percent of People with Each Score
Percentile by Number Answered
Your Score History
You have not taken this quiz